Johann Gottlieb Fichte und die Zukunft der Nation /

Uložené v:
Podrobná bibliografia
Hlavný autor: Abusch, Alexander, 1902-1982 (Author)
Médium: Kniha
Jazyk:German
Vydané: Berlin : Aufbau-Verlag, 1962.
Vydanie:1. Aufl.
ISBN: (brož.)
Fyzický popis: 45 s.
Tagy: Pridať tag
Žiadne tagy, Buďte prvý kto otaguje tento záznam!

MARC

LEADER 00000nam a2200000 4500
001 000441663
005 20131027123201.0
008 920903s1962 gw e ger d
020 |a (brož.)  |c Kčs 1,70 
040 |a SVKKK  |b slo  |c SVKKK  |e AACR2 
041 0 |a ger 
044 |a gw  |c DE 
100 1 |a Abusch, Alexander,  |d 1902-1982  |4 aut 
245 1 0 |a Johann Gottlieb Fichte und die Zukunft der Nation /  |c Alexander Abusch. 
250 |a 1. Aufl. 
260 |a Berlin :  |b Aufbau-Verlag,  |c 1962. 
300 |a 45 s. 
910 |a svkkk 
998 |a BK 
090 |g SCKHL  |k Sklad Hlavná 10 suterén  |a I.23193  |j 314649  |i 2720402929  |s Absenčne